Оценка возможности повышения экономичности АЭС с применением различных схем суперперегрева и суперпромперегрева пара; Современные техника и технологии; Т. 3

Dettagli Bibliografici
Parent link:Современные техника и технологии: сборник трудов XVIII международной научно-практической конференции студентов, аспирантов и молодых ученых, Томск, 9-13 апреля 2012 г/ Национальный исследовательский Томский политехнический университет (ТПУ).— , 2012
Т. 3.— 2012.— [С. 179-180]
Autore principale: Дорохова Н. С.
Ente Autore: Национальный исследовательский Томский политехнический университет (ТПУ)
Altri autori: Калугин Б. Ф. Борис Федорович (научный руководитель)
Riassunto:Заглавие с титульного листа
Lingua:russo
Pubblicazione: 2012
Serie:Секция 10: Теплоэнергетика
Soggetti:
Accesso online:http://www.lib.tpu.ru/fulltext/v/Conferences/2012/C2/V3/v3_086.pdf
Natura: Elettronico Capitolo di libro
KOHA link:https://koha.lib.tpu.ru/cgi-bin/koha/opac-detail.pl?biblionumber=225912

MARC

LEADER 00000nla2a2200000 4500
001 225912
005 20231101230708.0
035 |a (RuTPU)RU\TPU\book\246276 
035 |a RU\TPU\book\246241 
090 |a 225912 
100 |a 20121116d2012 k y0rusy50 ca 
101 0 |a rus 
102 |a RU 
105 |a y z 101zy 
135 |a drcn ---uucaa 
181 0 |a i  
182 0 |a b 
200 1 |a Оценка возможности повышения экономичности АЭС с применением различных схем суперперегрева и суперпромперегрева пара  |b Электронный ресурс  |f Н. С. Дорохова, Б. Ф. Калугин  |g Национальный исследовательский Томский политехнический университет (ТПУ) ; науч. рук. Б. Ф. Калугин 
203 |a Текст  |c электронный 
215 |a 1 файл (705 Kb) 
225 1 |a Секция 10: Теплоэнергетика 
230 |a Электронные текстовые данные (1 файл : 705 Kb) 
300 |a Заглавие с титульного листа 
320 |a [Библиогр.: с. 180 (5 назв.)] 
337 |a Adobe Reader 
461 1 |0 (RuTPU)RU\TPU\book\240890  |t Современные техника и технологии  |o сборник трудов XVIII международной научно-практической конференции студентов, аспирантов и молодых ученых, Томск, 9-13 апреля 2012 г  |o в 3 т.  |f Национальный исследовательский Томский политехнический университет (ТПУ)  |d 2012 
463 1 |0 (RuTPU)RU\TPU\book\245545  |t Т. 3  |v [С. 179-180]  |d 2012  |p 447 с. 
610 1 |a электронный ресурс 
610 1 |a труды учёных ТПУ 
610 1 |a оценка 
610 1 |a экономичность 
610 1 |a АЭС 
610 1 |a пар 
700 1 |a Дорохова  |b Н. С. 
701 1 |a Калугин  |b Б. Ф.  |c российский ученый, специалист в области теплоэнергетики  |c доцент Томского политехнического университета, кандидат технических наук  |f 1931-  |g Борис Федорович  |2 stltpush  |3 (RuTPU)RU\TPU\pers\25525  |9 11455 
702 1 |a Калугин  |b Б. Ф.  |c российский ученый, специалист в области теплоэнергетики  |c доцент Томского политехнического университета, кандидат технических наук  |f 1931-  |g Борис Федорович  |2 stltpush  |4 727  |9 11455 
712 0 2 |a Национальный исследовательский Томский политехнический университет (ТПУ)  |c (2009- )  |2 stltpush  |3 (RuTPU)RU\TPU\col\15902 
801 2 |a RU  |b 63413507  |c 20130924  |g RCR 
856 4 |u http://www.lib.tpu.ru/fulltext/v/Conferences/2012/C2/V3/v3_086.pdf 
942 |c CF